LEADER 01214nam a2200265 i 4500 001 000000156507 003 CaOOAMICUS 005 20061206000000.0 008 061206s2004 it u000 u ita u 013 $a133862 020 $a88-215-5233-0 040 $aSeMil$bita 100 1 $aCrivelli, Luigi .$0(OLS)http://semarc/name/23262 245 10$aNell'ora di Barabba :$bil cardinale Schuster nella seconda guerra mondiale /$cLuigi Crivelli. 260 $aCinisello Balsamo :$bSan Paolo,$ccopyr. 2004. 300 $a150 p., [4] p. di tav. ;$c22 cm. 490 0 $aAttualità e storia ;$v45 650 4$aSchuster, Alfredo Ildefonso - Lettere e carteggi.$0(OLS)http://semarc/subject/7375 830 0$aAttualità e storia ;$v45.$0(OLS)http://semarc/title/5888 850 $aSeMil 852 $aSeMil$W1$xVenegono$y1$m3H III 379$j108270$B108270$CSeMilBibl$Z2$F121338 $81 961 $aOmaggio: Altro 996 $6020$a88-215-5233-0$9(OLS)http://semarc/number/146667 996 $6245$aNell'ora di Barabba :$bil cardinale Schuster nella seconda guerra mondiale$9(OLS)http://semarc/title/229401 996 $6260$aCinisello Balsamo :$bSan Paolo$9(OLS)http://semarc/publisher/30129 LEADER 01098nam a2200265 i 4500 001 000000043806 003 CaOOAMICUS 005 20091204000000.0 008 091204s1997 sp u000 u spa u 013 $a14976 020 $a84-321-3162-8 040 $aSeMil$bita 100 1 $aIllanes, José Luis,$d<1933- >.$0(OLS)http://semarc/name/21771 245 10$aHistoria y sentido :$bestudios de teología de la historia /$cJosé Luis Illanes. 260 $aMadrid :$bRialp,$c1997. 300 $a349 p. ;$c24 cm. 490 0 $aCuestiones fundamentales 650 4$aTeologia della storia.$0(OLS)http://semarc/subject/9250 830 0$aCuestiones fundamentales.$0(OLS)http://semarc/title/15520 850 $aSeMil 852 $aSeMil$W1$xVenegono$y1$m2B VI 227$j9961$B9961$CSeMilBibl$Z2$F9961 $81 961 $aOmaggio per recensione: Scuola Cattolica 996 $6020$a84-321-3162-8$9(OLS)http://semarc/number/15508 996 $6245$aHistoria y sentido :$bestudios de teología de la historia$9(OLS)http://semarc/title/64496 996 $6260$aMadrid :$bRialp$9(OLS)http://semarc/publisher/31849